Digital telephony (Record no. 3592)

000 -LEADER
fixed length control field 00571nam a2200217 a 4500
001 - CONTROL NUMBER
control field 3592
003 - CONTROL NUMBER IDENTIFIER
control field BD-DhUET
008 - FIXED-LENGTH DATA ELEMENTS--GENERAL INFORMATION
fixed length control field 900501s1991 nyua b 001 0 eng
020 ## - INTERNATIONAL STANDARD BOOK NUMBER
International Standard Book Number 0471620564
040 ## - CATALOGING SOURCE
Original cataloging agency DLC
Transcribing agency DLC
Modifying agency BD-DhUET
082 ## - DEWEY DECIMAL CLASSIFICATION NUMBER
Classification number 623.85
Item number BEL/1991
100 ## - MAIN ENTRY--PERSONAL NAME
Personal name Bellamy, John
245 10 - TITLE STATEMENT
Title Digital telephony
250 ## - EDITION STATEMENT
Edition statement 2nd ed.
260 ## - PUBLICATION, DISTRIBUTION, ETC. (IMPRINT)
Place of publication, distribution, etc. New York
Name of publisher, distributor, etc. John wiley & sons
Date of publication, distribution, etc. 1991
300 ## - PHYSICAL DESCRIPTION
Extent xix, 572 p.
Other physical details ill.
Dimensions 25 cm.
490 ## - SERIES STATEMENT
Series statement Wiley Series in telecommunications
504 ## - BIBLIOGRAPHY, ETC. NOTE
Bibliography, etc Includes bibliographies
650 #0 - SUBJECT ADDED ENTRY--TOPICAL TERM
Topical term or geographic name as entry element Digital telephony
942 ## - ADDED ENTRY ELEMENTS (KOHA)
Koha item type General Book
Holdings
Date acquired Koha date last borrowed Source of classification or shelving scheme Koha item type Koha issues (times borrowed) Damaged status Koha normalized classification for sorting Shelving location Koha date last seen Koha full call number Lost status Sublocation or collection (holding branch) Copy number Price effective from Piece designation (barcode) Location (home branch) Not for loan Withdrawn status
2014-11-022015-10-10 General Book2 623_000000000000000_85BEL1991Circulation section2016-02-06623.85/BEL/1991 Central Library, BUET12014-11-0283618Central Library, BUET  
2014-11-02  General Book  623_000000000000000_85BEL1991Circulation section2017-08-26623.85/BEL/1991 Central Library, BUET22014-11-0283620Central Library, BUET  
2014-11-02  General Book  623_000000000000000_85BEL1991Circulation section2017-08-16623.85/BEL/1991 Central Library, BUET32014-11-0283623Central Library, BUET  
2014-11-022023-03-07 General Book2 623_850000000000000_BEL_1991Circulation section2024-02-20623.85/BEL/1991 Central Library, BUET42014-11-0286339Central Library, BUET  
2015-07-01  Reading Item  623_850000000000000_BEL_1991Reading section2015-07-01623.85/BEL/1991 Central Library, BUET52015-07-0187594Central Library, BUET  
1992-06-06  Rental Item  623_850000000000000_BEL_1991Rental section2024-12-09623.85 BEL/1991 Central Library, BUETক-১2024-12-0983563Central Library, BUET  
1992-06-06  Rental Item  623_850000000000000_BEL_1991Rental section2024-12-09623.85 BEL/1991 Central Library, BUETক-২2024-12-0983564Central Library, BUET  
1992-06-06  Rental Item  623_850000000000000_BEL_1991Rental section2024-12-09623.85 BEL/1991 Central Library, BUETক-৩2024-12-0983565Central Library, BUET  
1992-06-06  Rental Item  623_850000000000000_BEL_1991Rental section2024-12-09623.85 BEL/1991 Central Library, BUETক-৪2024-12-0983566Central Library, BUET  
1992-06-06  Rental Item  623_850000000000000_BEL_1991Rental section2024-12-09623.85 BEL/1991 Central Library, BUETক-৫2024-12-0983567Central Library, BUET  
1992-06-06  Rental Item  623_850000000000000_BEL_1991Rental section2024-12-09623.85 BEL/1991 Central Library, BUETক-৬2024-12-0983568Central Library, BUET  
1992-06-06  Rental Item  623_850000000000000_BEL_1991Rental section2024-12-09623.85 BEL/1991 Central Library, BUETক-৭2024-12-0983569Central Library, BUET  
1992-06-06  Rental Item  623_850000000000000_BEL_1991Rental section2024-12-09623.85 BEL/1991 Central Library, BUETক-৮2024-12-0983570Central Library, BUET  
1992-06-06  Rental Item  623_850000000000000_BEL_1991Rental section2024-12-09623.85 BEL/1991 Central Library, BUETক-৯2024-12-0983571Central Library, BUET  
1992-06-06  Rental Item  623_850000000000000_BEL_1991Rental section2024-12-09623.85 BEL/1991 Central Library, BUETক-১০2024-12-0983572Central Library, BUET  
1992-06-06  Rental Item  623_850000000000000_BEL_1991Rental section2024-12-09623.85 BEL/1991 Central Library, BUETক-১১2024-12-0983573Central Library, BUET  
1992-06-06  Rental Item  623_850000000000000_BEL_1991Rental section2024-12-09623.85 BEL/1991 Central Library, BUETক-১২2024-12-0983574Central Library, BUET  
1992-06-06  Rental Item  623_850000000000000_BEL_1991Rental section2024-12-09623.85 BEL/1991 Central Library, BUETক-১৩2024-12-0983575Central Library, BUET  
1992-06-06  Rental Item  623_850000000000000_BEL_1991Rental section2024-12-09623.85 BEL/1991 Central Library, BUETক-১৪2024-12-0983576Central Library, BUET  
1992-06-06  Rental Item  623_850000000000000_BEL_1991Rental section2024-12-09623.85 BEL/1991 Central Library, BUETক-১৫2024-12-0983577Central Library, BUET